000 00493nam a2200145 i 4500
001 92511
003 ES-MaACL
005 20230906181004.0
007 t|
008 050310s1913 sp ||||1| spa d
100 1 _aLiñán y Heredia, Narciso José de.
_972479
245 1 0 _aSobre provisión de las Cátedras de Arqueología y de Numismática y Epigrafía de la Universidad Central /
_cNarciso José de Liñán y Heredia.
260 _aMadrid :
_b[s.n.],
_c1913.
852 _aES-MaACL
_j1492-F-15
999 _c92511
_d92511